| 000 | 00823 a2200253 4500 | ||
|---|---|---|---|
| 001 | 60161 | ||
| 999 |
_c60161 _d14868 |
||
| 003 | TR-AnTOB | ||
| 005 | 20190322122338.0 | ||
| 008 | 070321s1988 tu 00000 fre | ||
| 035 | _a60161 | ||
| 041 | _afre | ||
| 050 |
_aCJ3437 _b.S97 1988 |
||
| 090 | _aCJ3437 .S97 1988 | ||
| 245 | 0 | _aSysteme des mesures, poids et monnaies de l'empire Ottoman et des principaux Etats. | |
| 264 | 1 |
_aİstanbul : _bIsis Press, _c1988. |
|
| 300 | _a119 p. ;c21 cm. | ||
| 490 | 0 | _aEnseignement des mathematiques elementaires | |
| 500 | _aReprint. Originally published: Constantinople : Galata, 1910. (Enseignement des mathematiques elementaires) | ||
| 650 |
_aSikkeler, Türk _xAğırlıklar ve ölçüler _932253 |
||
| 650 |
_aCoins, Turkish _xWeights and measures _932252 |
||
| 901 | _a0018024 | ||
| 902 | _abs | ||
| 942 | _cBK | ||